| 000 | 01586nam a2200361 a 4500 | ||
|---|---|---|---|
| 999 |
_c98314 _d98314 |
||
| 003 | BLK | ||
| 005 | 20250730114028.0 | ||
| 008 | 180409b bul|||||r ||||||| ||bul|| | ||
| 010 | _aKNG00103253000 | ||
| 020 | _a978-954-389-095-8 | ||
| 040 | _aBLK | ||
| 041 |
_aBUL _cBUL |
||
| 072 | 7 |
_2bullib _aН83 _xЧужда художествена литература Н |
|
| 080 |
_aАмериканска литература (на САЩ) _b821.111(73) _x-31 _z821.111(73)-31 |
||
| 100 | 1 |
_aАлън, Сара Адисън _eпърви автор _9281347 |
|
| 139 |
_aАлън, Сара Адисън _bА 59 |
||
| 245 | 1 | 0 |
_aМомичето, което преследваше луната _bРоман _cСара Адисън Алън; прев. от англ. Емилия Станимирова Карастойчева. |
| 257 | _aUSA | ||
| 260 |
_bЕра _c2010 _fСофия : Експреспринт |
||
| 300 |
_a256 с. _c20 см |
||
| 380 | _aX | ||
| 500 | _aОриг. загл. The Girl Who Chased the Moon / Sarah Addison Allen. | ||
| 653 | _aромани | ||
| 659 | _aН | ||
| 700 | 1 |
_aКарастойчева, Емилия Станимирова _d1971 - _gИндолог. Преводач от английски език _qНичева-Карастойчева, Емилия Станимирова _976920 |
|
| 852 | _aЦб 254858 | ||
| 856 | 4 | _qpdf | |
| 856 | 4 | _qpdf | |
| 942 |
_cKNG _n0 _048 |
||
| 944 |
_aCR _c17.04.2012 _lЦветелина Шанова _k30531 |
||
| 944 |
_aED _c29.12.2017 _lф / _kЛюдмила_Стоянова |
||
| 999 | _d98314 | ||